[Event "Ch Central Chess Club (1/2 fin)"]
[Site "masterchessopen.com – Moscow (Russia)"]
[Round "0"]
[White "Liberzon Vladimir M (ISR)"]
[Black "Zaitsev Igor A (RUS)"]
[Result "0-1"]
[WhiteElo "2410"]
[BlackElo "2408"]

1.d4 Nf6 2.c4 g6 3.Nc3 Bg7 4.e4 d6 5.f3 O-O 6.Be3 Nc6 7.Nge2 Rb8 8.Qd2 a6
9.Nc1 e5 10.d5 Nd4 11.Nb3 Nxb3 12.axb3 c5 13.b4 cxb4 14.Na4 b5 15.cxb5 axb5
16.Qxb4 Nh5 17.Nc3 f5 18.exf5 e4 19.g4 Nf6 20.g5 exf3 21.gxf6 Qxf6 22.O-O-O
Bxf5 23.Bd3 Rfe8 24.Bxf5 Qxf5 25.Qf4 b4 26.Qxf5 gxf5 27.Bd2 bxc3 28.Bxc3 Bxc3
29.bxc3 Re2 30.Rd2 Rb1+ 31.Kxb1 Rxd2 {#R} 0-1

[Event "Ch Yugoslavia"]
[Site "masterchessopen.com – Titograd (Yugoslavia)"]
[Round "0"]
[White "Ivkov Borislav (SRB)"]
[Black "Sofrevski Jovan (MKD)"]
[Result "1-0"]
[WhiteElo "2416"]
[BlackElo "2375"]

1.d4 Nf6 2.c4 g6 3.Nc3 Bg7 4.e4 d6 5.f3 O-O 6.Be3 Nc6 7.Qd2 a6 8.Nge2 Rb8
9.Nc1 e5 10.d5 Nd4 11.Nb3 Nxb3 12.axb3 c5 13.g4 h5 14.h3 Nh7 15.gxh5 Qh4+
16.Qf2 Qxh5 17.Be2 Ng5 18.f4 Nxh3 19.Qg3 exf4 20.Bxf4 Qh8 21.Bxd6 Ra8 22.O-O-O
Re8 23.Bf1 Bxc3 24.bxc3 Qh6+ 25.Kb1 Rxe4 26.Bxh3 Rh4 27.Bg2 Bf5+ 28.Ka1 Rxh1
29.Rxh1 Qd2 30.Qe5 {#r} 1-0

[Event "Ch URS (1 liga)"]
[Site "masterchessopen.com – URS"]
[Round "0"]
[White "Melnikov A (RUS)"]
[Black "Agzamov Valery (UZB)"]
[Result "1-0"]
[WhiteElo "2340"]
[BlackElo "2183"]

1.d4 Nf6 2.c4 g6 3.Nc3 Bg7 4.e4 d6 5.f3 O-O 6.Be3 Nc6 7.Nge2 a6 8.Qd2 Rb8
9.Nc1 e5 10.d5 Nd4 11.Nb3 Nxb3 12.axb3 c5 13.Bg5 Qb6 14.Qc2 Nh5 15.Bd3 Nf4
16.Rd1 h6 17.Bxf4 exf4 18.Ne2 Qa5+ 19.Kf2 Be5 20.g3 Qd8 21.gxf4 Bxf4 22.Nxf4
Qh4+ 23.Ke3 f5 24.Ne6 Bxe6 25.dxe6 Rbe8 26.Rdf1 Rxe6 27.Kd2 {#r} 1-0

[Event "Ch URS (1 liga)"]
[Site "masterchessopen.com – URS"]
[Round "0"]
[White "Titenko Vladimir F (RUS)"]
[Black "Zakharov Alexander (RUS)"]
[Result "1-0"]
[WhiteElo "2240"]
[BlackElo "2380"]

1.d4 Nf6 2.c4 g6 3.Nc3 Bg7 4.e4 d6 5.f3 O-O 6.Be3 Nc6 7.Qd2 a6 8.Nge2 Rb8
9.Nc1 e5 10.d5 Nd4 11.Nb3 Nxb3 12.axb3 c5 13.g4 h5 14.h3 Nh7 15.gxh5 Qh4+
16.Qf2 Qxh5 17.Be2 Bf6 18.h4 Bg7 19.O-O-O Nf6 20.Rdg1 Qh7 21.f4 Nh5 22.Bxh5
Qxh5 23.f5 Bh6 24.Rh2 Bd7 25.Rg5 Bxg5 26.hxg5 Qg4 27.Rh4 {#r} 1-0

[Event "?"]
[Site "masterchessopen.com – Yugoslavia"]
[Round "0"]
[White "Rajkovic Dusan (SRB)"]
[Black "Ivkov Borislav (SRB)"]
[Result "0-1"]
[WhiteElo "2415"]
[BlackElo "2416"]

1.d4 Nf6 2.c4 g6 3.Nc3 Bg7 4.e4 d6 5.f3 O-O 6.Be3 Nc6 7.Nge2 a6 8.Qd2 Rb8
9.Bh6 Bxh6 10.Qxh6 e5 11.Rd1 b5 12.h4 b4 13.Nd5 Nxd5 14.dxe5 Nc3 15.h5 g5
16.exd6 Nxd1 17.dxc7 Qe7 18.cxb8=Q Nxb8 19.Qb6 Rd8 20.Qxb8 Qc5 {#R} 0-1

[Event "Zt"]
[Site "masterchessopen.com – Praia da Rocha (Italy)"]
[Round "0"]
[White "Bobotsov Milko G (BUL)"]
[Black "Littleton Michael F (IRL)"]
[Result "1-0"]
[WhiteElo "2405"]
[BlackElo "2275"]

1.d4 Nf6 2.c4 g6 3.Nc3 Bg7 4.e4 d6 5.f3 O-O 6.Be3 Nc6 7.Nge2 a6 8.Qd2 Rb8 9.g4
h5 10.gxh5 Nxh5 11.O-O-O b5 12.Ng3 Nf6 13.cxb5 axb5 14.Bxb5 Na7 15.Be2 c6
16.h4 Qa5 17.h5 Be6 18.h6 Bh8 19.d5 cxd5 20.Bxa7 Rxb2 21.Qxb2 Qxa7 22.h7+ Nxh7
23.Rxh7 Qe3+ 24.Qd2 Qxd2+ 25.Kxd2 {#r} 1-0

[Event "Zt"]
[Site "masterchessopen.com – Praia da Rocha (Italy)"]
[Round "0"]
[White "Saborido Rafael (ESP)"]
[Black "Bobotsov Milko G (BUL)"]
[Result "0-1"]
[WhiteElo "2300"]
[BlackElo "2405"]

1.d4 Nf6 2.c4 g6 3.Nc3 Bg7 4.e4 O-O 5.Be3 d6 6.f3 Nc6 7.Nge2 a6 8.Qd2 Rb8 9.g4
Re8 10.O-O-O b5 11.Ng3 e5 12.Nce2 Nxd4 13.Nxd4 exd4 14.Bxd4 Be6 15.Nf5 Bxf5
16.gxf5 c5 17.Be3 bxc4 18.fxg6 hxg6 19.Bxc4 d5 20.exd5 Nd7 21.b3 Qf6 22.Bf4
Qa1+ {#R} 0-1

[Event "Zt"]
[Site "masterchessopen.com – Praia da Rocha (Italy)"]
[Round "11"]
[White "Saborido Rafael (ESP)"]
[Black "Levy David N L (SCO)"]
[Result "0-1"]
[WhiteElo "2300"]
[BlackElo "2310"]

1.d4 Nf6 2.c4 g6 3.Nc3 Bg7 4.e4 O-O 5.Be3 d6 6.f3 Nc6 7.Nge2 a6 8.Qd2 Rb8 9.g4
b5 10.cxb5 axb5 11.Ng3 b4 12.Nce2 Ba6 13.h4 Na5 14.b3 c5 15.h5 c4 16.Nc1 Qc8
17.hxg6 fxg6 18.Bh3 Ne8 19.g5 e6 20.Bg4 Rf7 21.Kf2 Nc7 22.Rb1 Qe8 23.Nce2 c3
24.Qd1 Bc8 25.a3 bxa3 26.Nxc3 Nb5 27.Na2 Nc6 28.Ne2 e5 29.Bxc8 exd4 30.Bg4
dxe3+ 31.Kxe3 Nbd4 32.Nxd4 Nxd4 33.b4 Qe5 {#R} 0-1

[Event "It (open)"]
[Site "masterchessopen.com – Mar del Plata (Argentina)"]
[Round "5"]
[White "Rubinetti Jorge (ARG)"]
[Black "Ocampo Raul (MEX)"]
[Result "1-0"]
[WhiteElo "2410"]
[BlackElo "2260"]

1.d4 Nf6 2.c4 g6 3.Nc3 Bg7 4.e4 d6 5.f3 O-O 6.Be3 Nc6 7.Qd2 a6 8.Nge2 Rb8
9.Nc1 e5 10.d5 Nd4 11.Nb3 Nxb3 12.axb3 c5 13.b4 cxb4 14.Na4 b5 15.cxb5 Qa5
16.b6 Bd7 17.Qd1 b3+ 18.Bd2 Qxa4 19.Rxa4 Bxa4 20.Be3 Nd7 21.Bxa6 Nxb6 22.O-O
Nd7 23.Qa1 {#r} 1-0

[Event "corr."]
[Site "masterchessopen.com – BRD"]
[Round "0"]
[White "Heemsoth Hermann"]
[Black "Keller Hanno (GER)"]
[Result "1-0"]
[WhiteElo "1995"]
[BlackElo "2031"]

1.c4 g6 2.Nc3 Bg7 3.d4 d6 4.e4 Nf6 5.f3 O-O 6.Be3 Nc6 7.Nge2 a6 8.Qd2 Rb8
9.Bh6 b5 10.h4 e5 11.Bxg7 Kxg7 12.h5 Kh8 13.Nd5 bxc4 14.hxg6 fxg6 15.Qh6 Nh5
16.g4 Rxb2 17.gxh5 g5 18.Rg1 g4 19.dxe5 Nxe5 20.O-O-O Rb7 21.Nd4 c5 22.Nc2
Nxf3 23.Nf4 Rxf4 24.Qxf4 Nxg1 25.Rxd6 Qe7 26.Rf6 Nh3 27.Qh6 {#r} 1-0

[Event "Ch Poland"]
[Site "masterchessopen.com – Gdynia (Poland)"]
[Round "16"]
[White "Pytel Krzysztof (FRA)"]
[Black "Sznapik Aleksander (POL)"]
[Result "1-0"]
[WhiteElo "2390"]
[BlackElo "2345"]

1.d4 Nf6 2.c4 g6 3.Nc3 Bg7 4.e4 d6 5.f3 O-O 6.Be3 Nc6 7.Nge2 Rb8 8.Qd2 a6 9.a3
Re8 10.b4 b5 11.cxb5 axb5 12.Rc1 Bd7 13.d5 Ne5 14.Nd4 e6 15.dxe6 Bxe6 16.Bxb5
Bc4 17.Nc6 Nd3+ 18.Kd1 Bb3+ 19.Rc2 Nxe4 20.fxe4 Qh4 21.Bxd3 Ra8 22.Nb5 Rxe4
23.Bxe4 Qxe4 24.Ncd4 Bxd4 25.Bxd4 Qf5 26.Bb2 {#r} 1-0

[Event "Ch URS"]
[Site "masterchessopen.com – URS"]
[Round "0"]
[White "Bagirov Vladimir (LAT)"]
[Black "Gufeld Eduard (USA)"]
[Result "0-1"]
[WhiteElo "2520"]
[BlackElo "2500"]

1.d4 g6 2.c4 Bg7 3.Nc3 d6 4.e4 Nf6 5.f3 O-O 6.Be3 Nc6 7.Nge2 Rb8 8.Qd2 a6
9.Bh6 b5 10.h4 e5 11.Bxg7 Kxg7 12.h5 Kh8 13.Nd5 bxc4 14.hxg6 fxg6 15.Qh6 Nh5
16.g4 Rxb2 17.gxh5 g5 18.Rg1 g4 19.O-O-O Rxa2 20.Nef4 exf4 21.Nxf4 Rxf4
22.Qxf4 c3 23.Bc4 Ra3 24.fxg4 Nb4 25.Kb1 Be6 26.Bxe6 Nd3 27.Qf7 Qb8+ 28.Bb3
Rxb3+ 29.Kc2 Nb4+ 30.Kxb3 Nd5+ 31.Kc2 Qb2+ 32.Kd3 Qb5+ {#R} 0-1

[Event "Ch Netherlands (team)"]
[Site "masterchessopen.com – Netherlands"]
[Round "0"]
[White "Kort Jacob (NED)"]
[Black "Verholt Gerard (NED)"]
[Result "0-1"]
[WhiteElo "2153"]
[BlackElo "2033"]

1.d4 Nf6 2.c4 g6 3.Nc3 Bg7 4.e4 d6 5.f3 O-O 6.Be3 Nc6 7.Nge2 Rb8 8.Qd2 a6 9.h4
h5 10.O-O-O e5 11.Qe1 b5 12.c5 b4 13.Nb1 exd4 14.Nxd4 Nxd4 15.Bxd4 Be6 16.Nd2
Qe7 17.cxd6 Qxd6 18.Nb3 Rfd8 19.Be2 Qc6+ 20.Kb1 Qa4 21.Nc1 b3 22.Qc3 bxa2+
23.Ka1 Nxe4 24.Bxg7 Nxc3 25.Bxc3 Qc2 26.Bd3 Qxg2 27.f4 Rd5 {#R} 0-1

[Event "It"]
[Site "masterchessopen.com – Helsinki (Finland)"]
[Round "6"]
[White "Hurme Harri M (FIN)"]
[Black "Westerinen Heikki M J (FIN)"]
[Result "0-1"]
[WhiteElo "2258"]
[BlackElo "2340"]

1.d4 Nf6 2.c4 g6 3.Nc3 Bg7 4.e4 d6 5.f3 O-O 6.Be3 Nc6 7.Qd2 a6 8.Nge2 Rb8 9.h4
h5 10.Nd5 Nh7 11.Bh6 Bxh6 12.Qxh6 e6 13.Ndc3 Qf6 14.O-O-O b5 15.f4 bxc4 16.g4
Nb4 17.Ng3 e5 18.dxe5 dxe5 19.f5 hxg4 20.Bxc4 gxf5 21.Qh5 Kg7 22.Nxf5+ Bxf5
23.exf5 Qh6+ 24.Qxh6+ Kxh6 25.Ne4 Rbd8 26.a3 Nc6 27.Bxa6 Rd4 28.Bd3 Rfd8
29.Kc2 Ne7 30.Ng5 Nxg5 31.hxg5+ Kxg5 32.Be2 Nxf5 33.Kc3 Ng3 {#R} 0-1

[Event "Memorial A.Sokolsky"]
[Site "masterchessopen.com – Minsk (Belarus)"]
[Round "0"]
[White "Veremeichik Vladimir (BLR)"]
[Black "Dydyshko Viacheslav (BLR)"]
[Result "1-0"]
[WhiteElo "2383"]
[BlackElo "2512"]

1.d4 Nf6 2.c4 g6 3.Nc3 Bg7 4.e4 d6 5.f3 O-O 6.Be3 Nc6 7.Nge2 a6 8.Qd2 Rb8 9.a3
Bd7 10.b4 b5 11.cxb5 axb5 12.d5 Ne5 13.Nd4 e6 14.dxe6 fxe6 15.Ndxb5 Nh5 16.Qc1
Qh4+ 17.Kd1 Qe7 18.Ra2 c6 19.Bg5 Nf6 20.Nd4 c5 21.bxc5 Rfc8 22.Rb2 Rxb2
23.Qxb2 Rxc5 24.Be3 Qf8 25.Be2 d5 26.Kd2 dxe4 27.Nxe4 Nxe4+ 28.fxe4 Qa8 29.Rb1
Qxe4 30.Qb8+ Rc8 31.Qb7 h5 {#r} 1-0

[Event "Ch URS (qual)"]
[Site "masterchessopen.com – Rostov on Don (Russia)"]
[Round "0"]
[White "Razuvaev Yuri S (RUS)"]
[Black "Doroshkievich Vladimir K (RUS)"]
[Result "1-0"]
[WhiteElo "2540"]
[BlackElo "2425"]

1.d4 Nf6 2.c4 g6 3.Nc3 Bg7 4.e4 d6 5.f3 O-O 6.Be3 Nc6 7.Nge2 Rb8 8.Qd2 a6 9.h4
b5 10.h5 bxc4 11.hxg6 fxg6 12.Nf4 e6 13.Bxc4 d5 14.Bb3 Rxb3 15.axb3 dxe4
16.O-O-O exf3 17.gxf3 Na5 18.Qh2 g5 19.Nd3 Nxb3+ 20.Kb1 h6 21.Ne5 Nd5 22.Ng4
Nxe3 23.Nxh6+ Bxh6 24.Qxh6 Kf7 25.Qh5+ Kf6 26.Ne4+ Kf5 27.Rdg1 Nxd4 28.Rxg5+
Kf4 29.Rh4+ Ng4 30.Qxg4+ Ke3 31.Qg1+ Ke2 32.Rg2+ Kd3 33.Qf1+ Ke3 {#r} 1-0

[Event "Ch Great Britain"]
[Site "masterchessopen.com – Brighton (England)"]
[Round "6"]
[White "Hillyard Graham D (ENG)"]
[Black "Littlewood John E (ENG)"]
[Result "1-0"]
[WhiteElo "2290"]
[BlackElo "2137"]

1.d4 Nf6 2.c4 g6 3.Nc3 Bg7 4.e4 O-O 5.Be3 d6 6.f3 Nc6 7.Nge2 a6 8.Qd2 Rb8
9.O-O-O b5 10.h4 bxc4 11.h5 Nxh5 12.g4 Nb4 13.Nf4 Nxf4 14.Bxf4 c5 15.Qh2 h5
16.gxh5 Be6 17.hxg6 fxg6 18.Qh7+ Kf7 19.Bh6 Rg8 20.Rg1 Ke8 21.Bxg7 Qb6 22.Rd2
Nxa2+ 23.Nxa2 Qa5 24.d5 {#r} 1-0

[Event "It \"]
[Site "masterchessopen.com – Amsterdam (Netherlands)"]
[Round "9"]
[White "De Roode Peter (NED)"]
[Black "Ligterink Gert (NED)"]
[Result "1-0"]
[WhiteElo "2256"]
[BlackElo "2440"]

1.d4 Nf6 2.c4 g6 3.Nc3 Bg7 4.e4 d6 5.f3 O-O 6.Be3 Nc6 7.Nge2 a6 8.Qd2 Rb8 9.h4
h5 10.O-O-O b5 11.Nf4 b4 12.Ncd5 Nh7 13.g4 e6 14.gxh5 exd5 15.cxd5 Ne7 16.Bc4
Qe8 17.Rdg1 Bd7 18.hxg6 fxg6 19.h5 g5 20.h6 Bf6 21.e5 Nf5 22.Ne6 Bxe6 23.dxe6
Qc6 24.b3 Nxe3 25.Qxe3 Be7 26.d5 Qe8 27.Bd3 dxe5 28.Qe4 Nf6 29.Rxg5+ Kh8
30.Qxe5 Rg8 31.Rg7 {#r} 1-0

[Event "Ch URS (young masters)"]
[Site "masterchessopen.com – Baku (Azerbaijan)"]
[Round "0"]
[White "Lputian Smbat G (ARM)"]
[Black "Lanka Zigurds (LAT)"]
[Result "0-1"]
[WhiteElo "2445"]
[BlackElo "2469"]

1.d4 Nf6 2.c4 g6 3.Nc3 Bg7 4.e4 d6 5.f3 O-O 6.Be3 Nc6 7.Nge2 a6 8.Qd2 Rb8
9.Rb1 b5 10.cxb5 axb5 11.b4 e5 12.dxe5 Nxe5 13.Nd4 Bb7 14.Bxb5 d5 15.exd5 Nxd5
16.Nxd5 Bxd5 17.O-O Bc4 18.a4 Bxf1 19.Rxf1 Qd6 20.Rc1 Rfd8 21.Qe1 Nd3 22.Bxd3
Bxd4 23.Be4 Rxb4 24.Bxd4 Qxd4+ 25.Qf2 Qd1+ {#R} 0-1

[Event "?"]
[Site "masterchessopen.com – Costa Catalana (Spain)"]
[Round "0"]
[White "Gonzales Mestres Luis (ESP)"]
[Black "Keene Raymond D (ENG)"]
[Result "0-1"]
[WhiteElo "2350"]
[BlackElo "2460"]

1.e4 g6 2.d4 Bg7 3.c4 d6 4.Nc3 Nc6 5.Be3 Nf6 6.f3 a6 7.Nge2 Rb8 8.Qd2 O-O 9.d5
Ne5 10.Nd4 c5 11.Nc2 e6 12.Bg5 h6 13.Be3 exd5 14.Nxd5 Nxd5 15.cxd5 b5 16.Rb1
f5 17.exf5 Bxf5 18.Be2 Qh4+ 19.Bf2 Qa4 20.Rc1 Qxa2 21.Ne3 Nc4 22.Bxc4 bxc4
23.Nxf5 Rfe8+ 24.Kf1 Rb4 {#R} 0-1

[Event "Bundesliga"]
[Site "masterchessopen.com – Germany"]
[Round "0"]
[White "Muender Michael (GER)"]
[Black "Westerinen Heikki M J (FIN)"]
[Result "0-1"]
[WhiteElo "2265"]
[BlackElo "2340"]

1.d4 Nf6 2.c4 g6 3.Nc3 Bg7 4.e4 d6 5.f3 O-O 6.Be3 Nc6 7.Nge2 Rb8 8.Qd2 a6
9.Rc1 Bd7 10.g4 b5 11.cxb5 axb5 12.b3 Re8 13.Ng3 e5 14.Nxb5 d5 15.g5 Nh5
16.Nxh5 gxh5 17.Be2 dxe4 18.d5 Nd4 19.Nxc7 Nxe2 20.Qxe2 exf3 21.Qxf3 Bg4
22.Qe4 Re7 23.h3 Bc8 24.Qc4 Bb7 25.Rf1 Rc8 26.Bb6 e4 27.Ke2 Qd7 28.Rf6 Qxh3
29.d6 Qg4+ 30.Ke1 Rd7 31.Qb5 Bxf6 32.gxf6 Rxd6 {#R} 0-1

[Event "It (open)"]
[Site "masterchessopen.com – Caorle (Italy)"]
[Round "7"]
[White "Zoebisch Herbert (AUT)"]
[Black "Martorelli Antonio (ITA)"]
[Result "0-1"]
[WhiteElo "2149"]
[BlackElo "2210"]

1.d4 Nf6 2.c4 g6 3.Nc3 Bg7 4.e4 d6 5.f3 O-O 6.Be3 Nc6 7.Nge2 Rb8 8.Qd2 a6
9.Bh6 Bxh6 10.Qxh6 e5 11.O-O-O b5 12.d5 Na5 13.Ng3 b4 14.Nb1 c6 15.dxc6 b3
16.a3 Be6 17.c5 Nxc6 18.Rxd6 Qa5 19.Qe3 Nd4 20.Qc3 Qc7 21.Rxa6 Rfc8 22.Bd3 Nd7
23.c6 Qd6 24.Bc4 Nb6 25.Nd2 Qxc6 26.Bd5 Qb5 {#R} 0-1

[Event "It (open)"]
[Site "masterchessopen.com – Lone Pine (USA)"]
[Round "0"]
[White "Ree Hans (NED)"]
[Black "Watson John L (USA)"]
[Result "1-0"]
[WhiteElo "2510"]
[BlackElo "2430"]

1.d4 Nf6 2.c4 g6 3.Nc3 Bg7 4.e4 d6 5.f3 O-O 6.Be3 Nc6 7.Nge2 Rb8 8.Qd2 a6 9.h4
Re8 10.h5 b5 11.O-O-O e6 12.g4 Bd7 13.Ng3 e5 14.d5 Nd4 15.g5 Nxh5 16.Nxh5 gxh5
17.Qh2 b4 18.Nb1 Ba4 19.Rd2 Nxf3 20.Qxh5 Nxd2 21.Qxh7+ Kf8 22.Nxd2 Bd7 23.Be2
Re7 24.Rf1 {#r} 1-0

[Event "Zt"]
[Site "masterchessopen.com – Montreal (Canada)"]
[Round "0"]
[White "Vranesic Zvonko (CAN)"]
[Black "Spraggett Kevin (CAN)"]
[Result "1-0"]
[WhiteElo "2390"]
[BlackElo "2450"]

1.c4 Nf6 2.Nc3 g6 3.e4 d6 4.d4 Bg7 5.f3 Nc6 6.Be3 O-O 7.Qd2 a6 8.Nge2 Rb8
9.Bh6 Bxh6 10.Qxh6 e5 11.d5 Nd4 12.O-O-O c5 13.dxc6 Nxc6 14.h4 Be6 15.Nd5 Bxd5
16.cxd5 Na5 17.h5 Qe7 18.Kb1 b5 19.Ng3 Rfc8 20.Bd3 Nc4 21.Rh3 Qf8 22.Qg5 Qg7
23.h6 Qh8 24.Bxc4 Rxc4 25.Nf5 Ne8 26.Ne7+ Kf8 27.Nc6 f6 28.Qg4 f5 29.Qg5 {#r}
1-0

[Event "Ch Great Britain"]
[Site "masterchessopen.com – Morecambe (England)"]
[Round "7"]
[White "Lewis Andrew P (ENG)"]
[Black "Hall Jesper (SWE)"]
[Result "0-1"]
[WhiteElo "2281"]
[BlackElo "2493"]

1.c4 g6 2.e4 Bg7 3.d4 d6 4.Nc3 Nf6 5.f3 O-O 6.Be3 Nc6 7.Nge2 Rb8 8.Qd2 a6
9.Bh6 Bxh6 10.Qxh6 e5 11.d5 Nd4 12.Qd2 c5 13.dxc6 bxc6 14.Nxd4 exd4 15.Qxd4
Rxb2 16.Be2 Nh5 17.g3 Qa5 18.O-O Bh3 19.Rfd1 Rc2 20.Rd3 Rb8 21.Qxd6 Rbb2
22.Qe7 Rxe2 23.Nxe2 Rxe2 24.Rd8+ Kg7 25.f4 Rxe4 26.Rg8+ Kxg8 27.Qxe4 Qc5+
28.Kh1 Nf6 29.Qe2 Be6 30.Qe5 Qxc4 31.Rd1 Bd5+ {#R} 0-1

[Event "Olympiad (telechess)"]
[Site "masterchessopen.com – Telex"]
[Round "0"]
[White "Hurme Harri M (FIN)"]
[Black "Klundt Klaus (GER)"]
[Result "1-0"]
[WhiteElo "2258"]
[BlackElo "2385"]

1.d4 Nf6 2.c4 g6 3.Nc3 Bg7 4.e4 d6 5.f3 O-O 6.Be3 Nc6 7.Qd2 a6 8.Nge2 Rb8 9.h4
b5 10.h5 Nxh5 11.g4 Nf6 12.Bh6 Bxh6 13.Qxh6 e5 14.g5 Nh5 15.Ng3 Nxd4 16.Rxh5
Nxf3+ 17.Kf2 gxh5 18.Nxh5 {#r} 1-0

[Event "Cup Mitropa"]
[Site "masterchessopen.com – Luxembourg"]
[Round "1"]
[White "Tassi Oliviero (ITA)"]
[Black "Graf Juergen (GER)"]
[Result "0-1"]
[WhiteElo "2299"]
[BlackElo "2440"]

1.c4 g6 2.Nc3 Bg7 3.d4 Nf6 4.e4 d6 5.f3 O-O 6.Be3 Nc6 7.Nge2 Rb8 8.Qd2 a6 9.g4
b5 10.O-O-O e5 11.d5 Na5 12.Ng3 Nxc4 13.Bxc4 bxc4 14.h4 Qe7 15.Bh6 Nd7 16.Bxg7
Kxg7 17.Qh2 Nc5 18.Rd2 a5 19.Nd1 a4 20.Ne3 Rb4 21.Rg1 Kh8 22.g5 Bd7 23.h5 Rfb8
24.hxg6 fxg6 25.Ngf5 gxf5 26.Nxf5 Bxf5 27.exf5 c3 28.f6 cxd2+ 29.Kd1 Qd7 30.g6
Rxb2 31.f7 Rb1+ 32.Kxd2 R1b2+ 33.Kc3 Qxf7 {#R} 0-1

[Event "Ch Netherlands"]
[Site "masterchessopen.com – Amsterdam (Netherlands)"]
[Round "9"]
[White "Langeweg Kick (NED)"]
[Black "Scheeren Peter (NED)"]
[Result "1-0"]
[WhiteElo "2395"]
[BlackElo "2430"]

1.d4 Nf6 2.c4 g6 3.Nc3 Bg7 4.e4 d6 5.f3 O-O 6.Be3 Nc6 7.Nge2 a6 8.Qd2 Rb8 9.h4
h5 10.Bh6 b5 11.O-O-O bxc4 12.g4 hxg4 13.h5 Bxh6 14.Qxh6 g5 15.Qxg5+ Kh7 16.e5
gxf3 17.exf6 exf6 18.Qf4 fxe2 19.Bxe2 f5 20.Rdg1 Ne7 21.Rg6 Ng8 22.Rg5 d5
23.Rhg1 Qd6 24.Rg7+ Kh8 25.Qg5 {#r} 1-0

[Event "It (open)"]
[Site "masterchessopen.com – Caorle (Italy)"]
[Round "8"]
[White "Pergericht Daniel (BEL)"]
[Black "Zueger Beat (SUI)"]
[Result "0-1"]
[WhiteElo "2285"]
[BlackElo "2426"]

1.d4 Nf6 2.c4 g6 3.Nc3 Bg7 4.e4 d6 5.f3 O-O 6.Be3 Nc6 7.Nge2 a6 8.Qd2 Rb8 9.h4
h5 10.O-O-O b5 11.Bh6 bxc4 12.Bxg7 Kxg7 13.Nf4 e5 14.dxe5 Nxe5 15.Qd4 Be6
16.Nxe6+ fxe6 17.Bxc4 Rb4 18.b3 Qb8 19.a3 Rxc4 20.bxc4 Qb3 21.Nb1 Rb8 22.Kd2
Qa2+ {#R} 0-1

[Event "Olympiad"]
[Site "masterchessopen.com – Lucerne (Switzerland)"]
[Round "12"]
[White "Santa Torres Juan (PUR)"]
[Black "Lee Cecil (TRI)"]
[Result "1-0"]
[WhiteElo "2219"]
[BlackElo "1954"]

1.c4 Nf6 2.Nc3 g6 3.e4 d6 4.d4 Bg7 5.f3 O-O 6.Be3 Nc6 7.Nge2 a6 8.Qd2 Rb8 9.h4
b5 10.cxb5 axb5 11.h5 b4 12.Nd1 e5 13.d5 Nd4 14.Nxd4 exd4 15.Bxd4 Nxh5 16.Bxg7
Kxg7 17.g4 Nf6 18.Qh6+ Kg8 19.Ne3 Qe7 20.Bd3 Bd7 21.Rc1 Bb5 22.Bxb5 Rxb5
23.Rc2 Rc5 24.Nf5 gxf5 25.gxf5 Kh8 26.Rg2 Nh5 27.Qxh7+ {#r} 1-0

[Event "Zt"]
[Site "masterchessopen.com – Marbella (Spain)"]
[Round "0"]
[White "Rivas Pastor Manuel (ESP)"]
[Black "Mestel A Jonathan (ENG)"]
[Result "1-0"]
[WhiteElo "2470"]
[BlackElo "2540"]

1.d4 Nf6 2.c4 g6 3.Nc3 Bg7 4.e4 d6 5.f3 O-O 6.Be3 a6 7.Qd2 Nc6 8.Nge2 Rb8 9.h4
h5 10.Bh6 b5 11.Bxg7 Kxg7 12.O-O-O e5 13.dxe5 Nxe5 14.cxb5 axb5 15.Nf4 b4
16.Ncd5 Nxd5 17.Nxd5 c5 18.f4 Nc6 19.f5 Ne5 20.g4 Nxg4 21.Be2 Nf2 22.f6+ Kh7
23.Bxh5 Nxh1 24.Rxh1 Re8 25.Qg5 Re5 26.Ne7 Qg8 27.Bd1 Kh8 28.Qh6+ {#r} 1-0

[Event "Ch Netherlands"]
[Site "masterchessopen.com – Netherlands"]
[Round "0"]
[White "Langeweg Kick (NED)"]
[Black "Scheeren Peter (NED)"]
[Result "1-0"]
[WhiteElo "2395"]
[BlackElo "2430"]

1.d4 Nf6 2.c4 g6 3.Nc3 Bg7 4.e4 d6 5.f3 O-O 6.Be3 a6 7.Qd2 Nc6 8.Nge2 Rb8 9.h4
h5 10.Bh6 b5 11.O-O-O bxc4 12.g4 hxg4 13.h5 Bxh6 14.Qxh6 g5 15.Qxg5+ Kh7 16.e5
gxf3 17.exf6 exf6 18.Qf4 fxe2 19.Bxe2 f5 20.Rdg1 Ne7 21.Rg6 Ng8 22.Rg5 d5
23.Rhg1 Qd6 24.Rg7+ Kh8 25.Qg5 {#r} 1-0

[Event "Ch DDR"]
[Site "masterchessopen.com – Salzwedel (Germany)"]
[Round "7"]
[White "Steudtmann Christian (GER)"]
[Black "Rossmann Helmut (GER)"]
[Result "0-1"]
[WhiteElo "2268"]
[BlackElo "2290"]

1.d4 Nf6 2.c4 g6 3.Nc3 Bg7 4.e4 d6 5.f3 O-O 6.Be3 Nc6 7.Nge2 a6 8.Qd2 Rb8
9.Nc1 e5 10.Nb3 exd4 11.Nxd4 Ne5 12.Be2 c6 13.O-O Bd7 14.a4 c5 15.Nc2 Be6
16.b3 Qa5 17.Rad1 Rfd8 18.Qe1 Nc6 19.Bd2 Qb6 20.Rb1 Nb4 21.Ne3 Re8 22.f4 Bd7
23.f5 Nxe4 24.Ncd5 Qd8 25.Bxb4 cxb4 26.f6 Nxf6 27.Qd2 Bc6 28.Bf3 Ne4 29.Qxb4
a5 30.Qe1 Bxd5 31.cxd5 Qb6 32.Kh1 Nc3 33.Nc4 Rxe1 {#R} 0-1

[Event "Tournament"]
[Site "masterchessopen.com – Vejle (Denmark)"]
[Round "3"]
[White "Hoi Carsten (DEN)"]
[Black "Berg Klaus (DEN)"]
[Result "1-0"]
[WhiteElo "2390"]
[BlackElo "2335"]

1.d4 Nf6 2.c4 g6 3.Nc3 Bg7 4.e4 d6 5.f3 O-O 6.Be3 Nc6 7.Nge2 a6 8.Qd2 Rb8 9.g4
b5 10.O-O-O Re8 11.h4 h5 12.Bh6 hxg4 13.h5 Bxh6 14.Qxh6 g5 15.Qxg5+ Kh7 16.e5
Rg8 17.Qf4 gxf3 18.exf6 fxe2 19.Bxe2 exf6 20.Rhg1 f5 21.Nd5 {#r} 1-0

[Event "It (cat.8)"]
[Site "masterchessopen.com – Brighton (England)"]
[Round "0"]
[White "Burger Karl (USA)"]
[Black "Watson William N (ENG)"]
[Result "0-1"]
[WhiteElo "2360"]
[BlackElo "2395"]

1.d4 g6 2.c4 Bg7 3.Nc3 d6 4.e4 Nf6 5.f3 a6 6.Be3 Nc6 7.Nge2 Rb8 8.Qd2 O-O
9.Rd1 Re8 10.b3 b5 11.cxb5 axb5 12.d5 Ne5 13.Nd4 b4 14.Ncb5 e6 15.Nc6 Nxc6
16.dxc6 Nxe4 {#R} 0-1

[Event "Ch Europe (team)"]
[Site "masterchessopen.com – Plovdiv (Bulgaria)"]
[Round "0"]
[White "Ree Hans (NED)"]
[Black "Mestel A Jonathan (ENG)"]
[Result "0-1"]
[WhiteElo "2500"]
[BlackElo "2500"]

1.d4 Nf6 2.c4 g6 3.Nc3 Bg7 4.e4 d6 5.f3 O-O 6.Be3 Nc6 7.Nge2 a6 8.Qd2 Rb8 9.h4
h5 10.O-O-O b5 11.Nf4 bxc4 12.Bxc4 e5 13.dxe5 Nxe5 14.Bb3 Qe8 15.Nfd5 Nxd5
16.Nxd5 Be6 17.Qa5 Bxd5 18.Qxd5 c5 19.Rd2 c4 20.Bc2 Rb5 21.Qxd6 Rxb2 22.Qxa6
Qb8 23.Qa3 c3 24.Rd4 Nxf3 25.Rd5 Nd2 26.Bxd2 cxd2+ 27.Kxd2 Rc8 {#R} 0-1